000 00629nam a2200217 u 4500
005 20240228063627.0
008 080310s1997 es r 000 0 spa d
020 _a8439284187
035 _aUPN01000154934
049 _aI
050 4 _aPZ71
_bB3.3
100 1 _aBalzola Elorza, Asun,
_d1942-2006
_930383
245 1 3 _aLa bufanda azul /
_cAsun Balzola.
260 _aMadrid :
_bGaviota,
_cc1997.
300 _a59 p. :
_bil. col.
440 0 _aGaviota junior
650 4 _aLIBROS Y LECTURA PARA NIÑOS -
_zESPAÑA
_92310
650 4 _aLiteratura infantil española
_95892
650 0 _aDiarios
_vNovela
_99020
905 1 _aLibro
999 _c127050
_d127050